00645nam a2200205Ia 450000500170000000800410001702000150005808200130007310000160008624501090010226000480021130000140025965000140027365000110028765000120029865000130031094200060032395200950032999900150042420240805061308.0240331s9999 xx 000 0 und d a8170130719 bDESa379 aDe Silva, C 0aEducation in Sri Lanka 1948-1988 :ban analysis of the structure and a critical survey of the literature aNew DelhibBooksellers and Publishersc1990 a270 p .,  aPolitical aGender aSociety aEconomic cL 001040708LaWERCLbWERCLcSSCd2024-03-31l0o 379 DESp1346r2024-03-31w2024-03-31yL c2967d2967